Introduction historique au droit: XIIIe-XXe siècles
Na minha lista:
| Main Authors: | , |
|---|---|
| Formato: | Livro |
| Idioma: | francês |
| Publicado em: |
París
L.G.D.J
2003
|
| Edição: | 2a. ed |
| Colecção: | Manuels
|
| Assuntos: | |
| Tags: |
Adicionar Tag
Sem tags, seja o primeiro a adicionar uma tag!
|
MARC
| LEADER | 00000nam a2200000 a 4500 | ||
|---|---|---|---|
| 001 | UCL9656 | ||
| 003 | CL-VaPUC | ||
| 008 | 040820e20030000FR |||||||||||||||||fre|d | ||
| 020 | |a 2275021434 | ||
| 082 | 0 | 4 | |a 340.09 |b BAS |2 21 |
| 100 | 0 | |a Basdevant-Gaudemet, Brigitte |e author |9 487558 | |
| 700 | |a Gaudemet, Jean |e author |9 487559 | ||
| 245 | 1 | 0 | |a Introduction historique au droit: XIIIe-XXe siècles |
| 250 | |a 2a. ed | ||
| 300 | |a 472 p | ||
| 942 | |c BK | ||
| 945 | |d 20040820 00:00:00 |a cmena | ||
| 260 | |a París |b L.G.D.J |c 2003 | ||
| 650 | 0 | |a Historia del derecho |9 255109 | |
| 650 | 0 | |a Fuentes del derecho |9 255162 | |
| 650 | 0 | |a Instituciones políticas |9 255506 | |
| 650 | 0 | |a Monarquía |9 255259 | |
| 650 | 0 | |a Filosofía del derecho |9 255050 | |
| 650 | 0 | |a Cambio social |9 256857 | |
| 650 | 0 | |a Derecho internacional |9 255637 | |
| 651 | 0 | |a Europa |9 255156 | |
| 583 | |a last modification |c 20040820 00:00:00 |k Rodrigo Vera | ||
| 490 | 0 | |a Manuels | |
| 999 | |c 310373 |d 310371 | ||
| 952 | |0 0 |1 0 |4 0 |6 340_090000000000000_BAS_2003 |7 0 |8 DER_HIS |9 378706 |a BIBDER |b BIBDER |d 2019-11-21 |i 4049039 |l 1 |o 340.09 BAS 2003 |p 4049039 |r 2023-01-25 |s 2020-03-17 |w 2019-11-21 |x Ubicación 4to Piso |y BK |z Estos recursos deben solicitarse con anticipación |k DER | ||